Locating consciousness
Gorde:
| Egile nagusia: | |
|---|---|
| Erakunde egilea: | |
| Formatua: | Baliabide elektronikoa eBook |
| Hizkuntza: | ingelesa |
| Argitaratua: |
Amsterdam ; Philadelphia :
John Benjamins Pub. Co.,
c1995.
|
| Saila: | Advances in consciousness research ;
v. 4. |
| Gaiak: | |
| Sarrera elektronikoa: | An electronic book accessible through the World Wide Web; click to view |
| Etiketak: |
Etiketarik gabe, Izan zaitez lehena erregistro honi etiketa jartzen!
|
MARC
| LEADER | 00000nam a2200000 a 4500 | ||
|---|---|---|---|
| 001 | 0000133964 | ||
| 005 | 20171002061236.0 | ||
| 006 | m u | ||
| 007 | cr cn||||||||| | ||
| 008 | 950720s1995 ne a sb 001 0 eng d | ||
| 010 | |z 95031971 | ||
| 020 | |z 902725124X (Eur. : alk. paper) | ||
| 020 | |z 1556191847 (US : pbk : alk. paper) | ||
| 020 | |z 9789027251244 | ||
| 020 | |z 9789027284914 (e-book) | ||
| 035 | |a (CaPaEBR)ebr10468597 | ||
| 035 | |a (OCoLC)721928179 | ||
| 040 | |a CaPaEBR |c CaPaEBR | ||
| 050 | 1 | 4 | |a BF311 |b .H338 1995eb |
| 082 | 0 | 4 | |a 128/.2 |2 20 |
| 100 | 1 | |a Hardcastle, Valerie Gray. | |
| 245 | 1 | 0 | |a Locating consciousness |h [electronic resource] / |c Valerie Gray Hardcastle. |
| 260 | |a Amsterdam ; |a Philadelphia : |b John Benjamins Pub. Co., |c c1995. | ||
| 300 | |a xviii, 264 p. : |b ill. | ||
| 490 | 1 | |a Advances in consciousness research, |x 1381-589X ; |v v. 4 | |
| 504 | |a Includes bibliographical references and index. | ||
| 533 | |a Electronic reproduction. |b Palo Alto, Calif. : |c ebrary, |d 2013. |n Available via World Wide Web. |n Access may be limited to ebrary affiliated libraries. | ||
| 650 | 0 | |a Consciousness. | |
| 650 | 0 | |a Philosophy of mind. | |
| 650 | 0 | |a Human information processing. | |
| 655 | 7 | |a Electronic books. |2 local | |
| 710 | 2 | |a ebrary, Inc. | |
| 830 | 0 | |a Advances in consciousness research ; |v v. 4. | |
| 856 | 4 | 0 | |u http://site.ebrary.com/lib/daystar/Doc?id=10468597 |z An electronic book accessible through the World Wide Web; click to view |
| 908 | |a 170314 | ||
| 942 | 0 | 0 | |c EB |
| 999 | |c 123113 |d 123113 | ||